000 00624nam a2200193Ia 4500
005 20250508155842.0
008 008 250505s9999 xx 000 0 eng d
037 _aDissertations
040 _aFEDL
_beng
_cFEDL
041 _aeng
_2eng
084 _a370.7, YAD/DI
_qFEDL
100 _aYadunandan K C
_9762865
245 0 _aInvestigation into the achievements of teacher education in Nepal from 1955 to 1957, with suggestions for future development
260 _c1959
300 _a107p.
546 _aM.Ed. Dissertation (Delhi University)
942 _cDIS
_h370.7, YAD/DI
999 _c1359626
_d1359626